Statistics for Movie Decoder #3

Click here to take the quiz!

General Stats

  • This quiz has been taken 133 times
  • The average score is 19 of 29

Answer Stats

ClueAnswer% Correct
WActress who played Hermione Granger in the "Harry Potter" series of filmsWatson, Emma
90%
T1984 science-fiction movie, and Arnold Schwarzenegger's iconic roleTerminator, the
89%
ERapper who starred in his own movie "8 Mile"Eminem
88%
CCanadian-born comedic actor, best known as Ace VenturaCarrey, Jim
87%
EThis character becomes Queen of Arendelle in the first "Frozen" movieElsa
85%
I"___________ Basterds", 2009 war film from Quentin TarantinoInglourious
85%
LCharacter with the catchphrase 'To infinity... and beyond!'Lightyear, Buzz
85%
LAmerican film director best known for creating the "Star Wars" and "Indiana Jones" franchisesLucas, George
83%
A1992 Disney animated film set in AgrabahAladdin
79%
H2011 comedy with Jason Bateman and Charlie Day, "________ Bosses"Horrible
79%
EJennifer Lawrence's character in "The Hunger Games"Everdeen, Katniss
78%
ETitle of both a 1998 and 2015 movie about climbing the highest peak on EarthEverest
75%
H1978 horror movie, featuring Jamie Lee Curtis in her film debut
Halloween
72%
C1942 classic starring Humphrey Bogart and Ingrid BergmanCasablanca
71%
TSouth African-born actress who featured in "Aeon Flux" and "Mad Max: Fury Road"Theron, Charlize
71%
HBritish actor who played Bane in "The Dark Knight Rises"Hardy, Tom
67%
E"Pineapple _______", stoner comedy with Seth Rogen and James FrancoExpress
66%
A1998 disaster movie starring Bruce WillisArmageddon
65%
I"The _________ Game", 2014 historical drama featuring Benedict Cumberbatch as Alan TuringImitation
65%
LActress who joined the MCU as Captain MarvelLarson, Brie
65%
SProtagonist of the "Twilight" films, portrayed by Kristen StewartSwan, Isabella
55%
TJohnny Depp played this character in the 2013 movie "The Lone Ranger"Tonto
53%
AForest Whitaker played this Ugandan dictator in "The Last King of Scotland"Amin, Idi
48%
YAntagonist of the movie "The Emperor's New Groove"Yzma
38%
"They call it a Royale with Cheese."
31%
OName of the hotel in Stanley Kubrick's "The Shining"Overlook, the
30%
RBiographical sports film centred on the rivalry between James Hunt and Niki Lauda during the 1976 Formula 1 seasonRush
30%
Pulp Fiction
29%
YActor who played Ip Man in that series of filmsYen, Donnie
19%

Score Distribution

Percentile by Number Answered

Percent of People with Each Score

Your Score History

You have not taken this quiz